|
|
|
|
| LEADER |
00000 a2200000 4500 |
| 001 |
RU/ROS-EDU.RU/116546 |
| 856 |
4 |
|
|u https://www.ros-edu.ru/book?id=116546
|z Перейти к просмотру издания
|
| 010 |
|
|
|a 978-5-4497-1461-9
|
| 100 |
|
|
|a 20220101d2022 |||y0rusy0250
|
| 105 |
|
|
|a y z 000zy
|
| 101 |
0 |
|
|a rus
|
| 102 |
|
|
|a RU
|
| 200 |
1 |
|
|a Российские алфавиты
|b Электронный ресурс
|e Учебное пособие для чтения и самостоятельной работы студентов, изучающих русский язык как иностранный
|f Н. А. Шульман
|
| 700 |
|
1 |
|b Н. А.
|a Шульман
|4 070
|
| 330 |
|
|
|a Учебное пособие состоит из пяти тематических частей, включающих в себя тексты об истории России, городах и культурных особенностях страны, о русском искусстве и литературе. Каждый текст сопровождается комплексом лексико-грамматических упражнений. Работая с материалом, учащиеся развивают навыки чтения, аудирования и говорения, а выполнение сопутствующих заданий позволяет овладеть новыми лексическими и грамматическими конструкциями. Учебное пособие предназначено для изучающих русский язык как иностранный, начиная с первого сертификационного уровня ТРКИ, для занятий с учениками на уроках русского языка как неродного. Тексты издания можно использовать как для внеклассного чтения, так и включать их в занятие совместно с сопровождающими их заданиями. Учебное пособие может служить и хрестоматией для развития кругозора обучающихся, так как в нём представлены широкие сведения об истории и культуре России.
|
| 210 |
|
|
|a Москва
|c Ай Пи Ар Медиа
|d 2022
|
| 610 |
1 |
|
|a алфавит
|
| 610 |
1 |
|
|a история
|
| 610 |
1 |
|
|a Россия
|
| 610 |
1 |
|
|a культура
|
| 610 |
1 |
|
|a аудирование
|
| 610 |
1 |
|
|a русский язык
|
| 610 |
1 |
|
|a РКИ
|
| 675 |
|
|
|a 811.161
|
| 686 |
|
|
|a 81.2
|2 rubbk
|
| 300 |
|
|
|a Книга находится в премиум-версии платформы «Русский как иностранный».
|
| 215 |
|
|
|a 326 с.
|